000 00520nam a2200169 i 4500
001 91120
003 ES-MaACL
005 20230906180639.0
007 t|
008 050127s1964 sp ||||1| spa d
100 1 _aLeonhardt, Rudolf Walter.
_971689
245 1 0 _aHay más de dos Alemanias /
_cR.W. Leonhardt ; [traducción de José Manuel García Martínez].
260 _aMadrid :
_bCid,
_c1964.
300 _a358 p. ;
_c23 cm.
700 1 _aGarcía Martínez, Manuel.
_954915
852 _aES-MaACL
_jC-24987
_bR.53713
999 _c91120
_d91120